<?xml version="1.0" encoding="UTF-8"?>
<marc:record xmlns:marc="http://www.loc.gov/MARC21/slim">
   <marc:leader>00000nam a2200000 a 4500</marc:leader>
   <marc:datafield ind1="1" ind2=" " tag="100">
      <marc:subfield code="a">Langer, Freddy</marc:subfield>
      <marc:subfield code="4">aut</marc:subfield>
      <marc:subfield code="e">Verfasser/-in</marc:subfield>
   </marc:datafield>
   <marc:datafield ind1="1" ind2=" " tag="100">
      <marc:subfield code="a">Choolun, Kristina</marc:subfield>
      <marc:subfield code="4">aut</marc:subfield>
      <marc:subfield code="e">Verfasser/-in</marc:subfield>
   </marc:datafield>
   <marc:datafield ind1=" " ind2=" " tag="653">
      <marc:subfield code="a">Belle Mare</marc:subfield>
   </marc:datafield>
   <marc:datafield ind1=" " ind2=" " tag="653">
      <marc:subfield code="a">Black River Gorges National Park</marc:subfield>
   </marc:datafield>
   <marc:datafield ind1=" " ind2=" " tag="653">
      <marc:subfield code="a">Blaue Mauritius</marc:subfield>
   </marc:datafield>
   <marc:datafield ind1=" " ind2=" " tag="653">
      <marc:subfield code="a">Camp de Mars</marc:subfield>
   </marc:datafield>
   <marc:datafield ind1=" " ind2=" " tag="653">
      <marc:subfield code="a">Casela Nature and Leisure Park</marc:subfield>
   </marc:datafield>
   <marc:datafield ind1=" " ind2=" " tag="653">
      <marc:subfield code="a">Caudan Waterfront</marc:subfield>
   </marc:datafield>
   <marc:datafield ind1=" " ind2=" " tag="653">
      <marc:subfield code="a">Chamarel</marc:subfield>
   </marc:datafield>
   <marc:datafield ind1=" " ind2=" " tag="653">
      <marc:subfield code="a">Eureka</marc:subfield>
   </marc:datafield>
   <marc:datafield ind1=" " ind2=" " tag="653">
      <marc:subfield code="a">Port Louis</marc:subfield>
   </marc:datafield>
   <marc:datafield ind1=" " ind2=" " tag="653">
      <marc:subfield code="a">Varangue sur Morne</marc:subfield>
   </marc:datafield>
   <marc:datafield ind1=" " ind2=" " tag="653">
      <marc:subfield code="a">Zentralmarkt</marc:subfield>
   </marc:datafield>
   <marc:datafield ind1=" " ind2=" " tag="653">
      <marc:subfield code="a">Softcover / Reisen/Reiseführer/Afrika</marc:subfield>
   </marc:datafield>
   <marc:datafield ind1=" " ind2=" " tag="653">
      <marc:subfield code="a">Führer</marc:subfield>
   </marc:datafield>
   <marc:datafield ind1="0" ind2="0" tag="245">
      <marc:subfield code="a">Mauritius</marc:subfield>
   </marc:datafield>
   <marc:datafield ind1="0" ind2="0" tag="245">
      <marc:subfield code="c">Marco Polo Autor Freddy Langer ; Bearbeiterin: Kristina Choolun</marc:subfield>
   </marc:datafield>
   <marc:datafield ind1=" " ind2="1" tag="264">
      <marc:subfield code="a">Ostfildern</marc:subfield>
      <marc:subfield code="b">Mairdumont GmbH &amp; Co. KG</marc:subfield>
      <marc:subfield code="c">2017</marc:subfield>
   </marc:datafield>
   <marc:datafield ind1="1" ind2=" " tag="490">
      <marc:subfield code="a">Marco Polo</marc:subfield>
   </marc:datafield>
   <marc:datafield ind1=" " ind2=" " tag="250">
      <marc:subfield code="a">13. Auflage, komplett überarbeitet und neu gestaltet</marc:subfield>
   </marc:datafield>
   <marc:datafield ind1="1" ind2=" " tag="520">
      <marc:subfield code="a">Angaben aus der Verlagsmeldung

MARCO POLO Reiseführer Mauritius : Reisen mit Insider-Tipps. Inklusive kostenloser Touren-App &amp; Update-Service / von Freddy Langer

Kompakte Informationen, Insider-Tipps, Erlebnistouren und digitale Extras:

Entdecken Sie mit MARCO POLO Mauritius von den Stränden am Indischen Ozean bis zur quirligen Multikulti-Hauptstadt Port Louis - mit dem MARCO POLO Reiseführer kommen Sie sofort auf Mauritius an. Erfahren Sie, welche Highlights Sie neben der berühmten „Blauen Mauritius“ im Blue Penny Museum und den weißen Pulverstränden der Île aux Cerfs nicht verpassen dürfen, dass Sie in der Teefabrik von Bois Chéri Ihren Tee frisch von der Plantage verkosten und wie Sie mit Solar Under Sea Walk spannende Unterwasserspaziergänge unternehmen können: Atemluft-Helm auf und los geht's!
Die Insider-Tipps des Autors lassen Sie Mauritius individuell und authentisch erleben und mit den Low-Budget-Tipps sparen Sie bares Geld. Erkunden Sie Mauritius in all seinen Facetten mit den maßgeschneiderten MARCO POLO Erlebnistouren. Das speziell dafür entwickelte Design sorgt - schon beim Lesen und umso mehr vor Ort - für größtmögliche Orientierung.
Die kostenlose Touren-App führt Sie digital (und ohne Roaminggebühren) auf den besonderen Wegen der Erlebnistouren.
Und der Online-Update-Service mit aktuellen Veranstaltungen (Ausstellungen, Konzerten, Festivals, Sportevents.) für die nächsten 6 Monate, brandaktuellen Informationen zu den Printinhalten und zusätzlichen Insider-Tipps hält Sie immer auf dem neuesten Stand. In jedem Band gibt es einen übersichtlichen Reiseatlas und eine herausnehmbare Faltkarte - in beide sind natürlich die Erlebnistouren eingetragen.
</marc:subfield>
   </marc:datafield>
   <marc:datafield ind1=" " ind2=" " tag="020">
      <marc:subfield code="a">9783829728362</marc:subfield>
      <marc:subfield code="9">9783829728362</marc:subfield>
   </marc:datafield>
   <marc:datafield ind1=" " ind2=" " tag="020">
      <marc:subfield code="a">3829728360</marc:subfield>
      <marc:subfield code="9">3829728360</marc:subfield>
   </marc:datafield>
   <marc:datafield ind1=" " ind2=" " tag="041">
      <marc:subfield code="a">ger</marc:subfield>
   </marc:datafield>
   <marc:datafield ind1=" " ind2=" " tag="300">
      <marc:subfield code="a">140 Seiten</marc:subfield>
   </marc:datafield>
</marc:record>
